The refurbishment of commercial and industrial buildings / (Record no. 5996)

MARC details
000 -LEADER
fixed length control field 00843nac a22002291u 4500
010 ## - LIBRARY OF CONGRESS CONTROL NUMBER
LC control number 82008177
020 ## - INTERNATIONAL STANDARD BOOK NUMBER
International Standard Book Number 0860950301 :
082 00 - DEWEY DECIMAL CLASSIFICATION NUMBER
Classification number 690.520286
Item number MAR
090 ## - LOCALLY ASSIGNED LC-TYPE CALL NUMBER (OCLC); LOCAL CALL NUMBER (OCLC)
-- 5996
-- 5996
100 ## - MAIN ENTRY--PERSONAL NAME
Personal name Marsh, Paul Hugh.
245 14 - TITLE STATEMENT
Title The refurbishment of commercial and industrial buildings /
Statement of responsibility, etc Paul Marsh.
260 ## - PUBLICATION, DISTRIBUTION, ETC. (IMPRINT)
Place of publication, distribution, etc London ;
-- New York :
Name of publisher, distributor, etc Construction Press,c.1983.
Date of publication, distribution, etc c.1983.
300 ## - PHYSICAL DESCRIPTION
Extent vii, 94 p. :
Other physical details ill. ;
Dimensions 31 cm.
500 ## - GENERAL NOTE
General note Cover title: The refurbishment of commercial & industrial buildings.
500 ## - GENERAL NOTE
General note Includes index.
500 ## - GENERAL NOTE
General note Distributer: Al-Ahram.
504 ## - BIBLIOGRAPHY, ETC. NOTE
Bibliography, etc Bibliography: p. 90.
511 ## - PARTICIPANT OR PERFORMER NOTE
Participant or performer note Catalogued By: Mahitab.
650 #0 - SUBJECT ADDED ENTRY--TOPICAL TERM
Topical term or geographic name as entry element Buildings
General subdivision Repair and reconstruction.
740 0# - ADDED ENTRY--UNCONTROLLED RELATED/ANALYTICAL TITLE
Uncontrolled related/analytical title Refurbishment of commercial & industrial buildings.
942 ## - ADDED ENTRY ELEMENTS (KOHA)
Item type Book - Borrowing
Call number prefix 690.520286MAR
Holdings
Withdrawn status Item status Damaged status Not for loan Home library Current library Shelving location Date acquired Source of acquisition Total Checkouts Full call number Barcode Date last seen Koha item type
        Central Library Central Library First floor 07/11/2011 Purchase   690.520286MAR 000006950 15/07/2025 Book - Borrowing